| 000 | 01208cam a22002894a 4500 | ||
|---|---|---|---|
| 999 |
_c7717 _d7717 |
||
| 001 | 14919591 | ||
| 003 | OSt | ||
| 005 | 20201027140543.0 | ||
| 008 | 070709s2008 njua b 001 0 eng | ||
| 010 | _a 2007277529 | ||
| 020 | _a9788126526390 | ||
| 040 |
_aDLC _cDLC _dDLC |
||
| 050 | 0 | 0 |
_aT58.6 _b.T765 2008 |
| 082 |
_a658.4038011 _bTUR/I |
||
| 100 |
_91419 _aTurban, Efraim |
||
| 245 | 0 | 0 |
_aInformation technology for management : _btransforming organizations in the digital economy / _cEfraim Turban ... [et al.]. |
| 250 | _a7th ed. | ||
| 260 |
_aHoboken, NJ : _bJ. Wiley & Sons, _cc2007. |
||
| 300 |
_a1 v. (various pagings). : _bcol. ill. ; _c27 cm. |
||
| 650 | 0 | _aManagement information systems. | |
| 700 |
_aTurban, Efraim _91419 |
||
| 856 | 4 | 2 |
_3Contributor biographical information _uhttp://www.loc.gov/catdir/enhancements/fy0814/2007277529-b.html |
| 856 | 4 | 2 |
_3Publisher description _uhttp://www.loc.gov/catdir/enhancements/fy0814/2007277529-d.html |
| 856 | 4 | 1 |
_3Table of contents only _uhttp://www.loc.gov/catdir/enhancements/fy0814/2007277529-t.html |
| 906 |
_a7 _bcbc _corigcop _d3 _encip _f20 _gy-gencatlg |
||
| 942 |
_2ddc _cBK _h658.4038011 _iTUR/I _k658.4038011 _mTUR/I |
||